The ghost of Sir Herbert Dungeonstone

Bibliographic Details
Main Author: McMullan, Kate
Corporate Author: Title
Format: Book
Published: New York : Grosset & Dunlap , 2004
Series:Dragon Slayers' academy
Subjects:

MARC

LEADER 00000cam a2200000 7i4500
001 0000002374
005 20151222.0
008 070712
020 |a 0448435306 
090 0 0 |a JF   |b AD ENG (2753) 
100 1 |a McMullan, Kate 
245 1 4 |a The ghost of Sir Herbert Dungeonstone   |c Kate McMullan 
260 |a New York :   |b Grosset & Dunlap ,   |c 2004 
440 |a Dragon Slayers' academy 
500 |a Children ages 7-9 years old (orange) 
650 0 |a Adventure 
650 0 |a Junior fiction   |x English   |x Languages 
710 0 |a Title 
999 |a 0000968287   |b Book   |c Children Collection   |e Perbadanan Perpustakaan Awam Johor 
999 |a 0001145284   |b Book   |c Children Collection   |e Cawangan Pontian